| 000 | 00805nam a22002655i 4500 | ||
|---|---|---|---|
| 001 | 12023 | ||
| 003 | ES-MaACL | ||
| 005 | 20230906150225.0 | ||
| 007 | t| | ||
| 008 | 920429s1992 sp ||||0| spa j | ||
| 020 | _a84-320-7912-X | ||
| 040 |
_aM-BN _bspa _cM-BN |
||
| 080 | _a930.9(089.3) | ||
| 100 | 1 |
_aVila-San-Juan, José Luis. _9114735 |
|
| 245 | 1 | 0 |
_aMentiras históricas comúnmente creídas / _cJosé Luis Vila-San-Juan. |
| 250 | _a[9ª ed.]. | ||
| 260 |
_aBarcelona : _bPlaneta, _c1995. |
||
| 300 |
_a279 p., [8] p. de lám ; _c21 cm. |
||
| 490 | 1 |
_aMemoria de la historia ; _v62 |
|
| 500 | _aIndice. | ||
| 650 | 4 |
_aHistoria universal- _vCuriosidades. _913431 |
|
| 830 | 0 |
_aMemoria de la historia ; _v62 _9179012 |
|
| 852 |
_aES-MaACL _jL-19296 _bR.125682 |
||
| 999 |
_c12023 _d12023 |
||